Curvas planas y dibujo por ordenador /

Uloženo v:
Podrobná bibliografie
Hlavní autor: Villoria San Miguel, Víctor (autor)
Médium: Kniha
Jazyk:španělština
Vydáno: Madrid, España : Dossat, 1992, c1992
Edice:(Ciencias e Ingeniería)
Témata:
Tagy: Přidat tag
Žádné tagy, Buďte první, kdo vytvoří štítek k tomuto záznamu!

MARC

LEADER 00000nam^a2200000^a^4500
001 000154315
005 20250521000000.0
009 20260310100350.961
020 |a 84-237-0808-X 
037 |a Acervo ITESO - Biblioteca 
041 |a ESP 
082 |a 604. 2  |b VIL 
100 |a Villoria San Miguel, Víctor  |e (autor) 
245 1 0 |a Curvas planas y dibujo por ordenador /  |c V. Villoria San Miguel. 
264 4 |a Madrid, España :  |b Dossat,  |c 1992, c1992 
300 |a 272 p. 
336 |a texto  |b txt  |2 rdacontenido 
337 |a sin mediación  |b n  |2 rdamedio 
338 |a volumen  |b nc  |2 rdasoporte 
440 1 |a (Ciencias e Ingeniería) 
649 |a XX 
650 |a Gráficas por Computadora 
650 |a Dibujo Arquitectónico 
650 |a Dibujo Topográfico 
650 |a Dibujo Geométrico 
650 |a Dibujo Técnico 
650 |a Representación Arquitectónica 
650 |a Diseño Asistido por Computadora 
650 |a Diseño Arquitectónico 
650 |a Curvas Planas 
650 |a Secciones Cónicas 
650 |a Geometría Euclidiana 
650 |a Matemáticas de Ingeniería 
650 |a Arquitectura 
650 |a Ingeniería 
910 |a Fondo General 
920 |a Impresos - Libros 
930 |a Colección General 
905 |a 101 
901 |a 0500086366  |b IT1  |c ACC  |u 20250521 
902 |a https://opac.biblio.iteso.mx/vufind/Record/000154315